| 000 | 00520nam a2200205Ia 4500 | ||
|---|---|---|---|
| 003 | OSt | ||
| 005 | 20250816092959.0 | ||
| 008 | 210210b2013 xxu||||| |||| 00| 0 eng d | ||
| 020 | _a9788120332157 | ||
| 040 | _cAL | ||
| 041 | _aeng | ||
| 082 | _a541.22 ARUM | ||
| 100 |
_aAruldhas G _9235818 |
||
| 245 | _aMolecular structure and spectroscopy | ||
| 260 |
_aDelhi _bPHI Learning Pvt. Ltd. _c2013 |
||
| 300 | _axvi,427p | ||
| 690 |
_aPhysical & Theoretical Chemistry _9235823 |
||
| 906 | _a067857 | ||
| 942 |
_2ddc _cBK |
||
| 999 |
_c152167 _d152167 |
||